| 000 | 01243cam a22003134a 4500 | ||
|---|---|---|---|
| 001 | 146031 | ||
| 003 | mut | ||
| 005 | 20240606081321.0 | ||
| 008 | 980713s1999 txu b 000 0 eng | ||
| 010 | _a 98072573 | ||
| 020 | _a0155041053 | ||
| 040 |
_aDLC _cmut _dDLC |
||
| 042 | _apcc | ||
| 050 | 0 | 0 |
_aBF201 _b.R43 1999 |
| 082 | 0 | 0 |
_a153 _221 |
| 245 | 0 | 0 | _aReadings in cognitive psychology / |
| 260 |
_aFort Worth, TX : _bHarcourt Brace College Publishers, _cc1999. |
||
| 300 |
_axi, 532 p. : _bill. ; _c24 cm. |
||
| 504 | _aIncludes bibliographical references. | ||
| 650 | 0 | _aCognitive psychology. | |
| 700 | 1 | _aSternberg, Robert J. | |
| 700 | 1 | _aWagner, Richard K. | |
| 856 | 4 | 2 |
_3Publisher description _uhttp://www.loc.gov/catdir/enhancements/fy1212/98072573-d.html |
| 856 | 4 | 1 |
_3Table of contents only _uhttp://www.loc.gov/catdir/enhancements/fy1212/98072573-t.html |
| 856 | 4 | 2 |
_3Contributor biographical information _uhttp://www.loc.gov/catdir/enhancements/fy1302/98072573-b.html |
| 906 |
_a7 _bcbc _corignew _d2 _eopcn _f19 _gy-gencatlg |
||
| 942 |
_2lcc _cBK |
||
| 999 |
_c14848 _d14848 |
||